| 000 | 01211nam a22002537a 4500 | ||
|---|---|---|---|
| 001 | 3650 | ||
| 003 | FISKH | ||
| 005 | 20240402142938.0 | ||
| 008 | 240402b cb ||||| |||| 00| 0 eng d | ||
| 020 | _a09789995001728 | ||
| 040 |
_aFISKH _bkhr _cFISKH _dFISKH |
||
| 050 | _aPZ7 | ||
| 082 | _a512.74 | ||
| 100 | _aKimsrun, Inn | ||
| 245 | _aសៀវភៅហ្វឹកហាត់គណិតវិទ្យា សម្រាប់ថ្នាក់ទី២ / | ||
| 260 |
_aភ្នំពេញ : _bគ្រិះស្ថានបោះពុម្ពនិងចែកផ្សាយ, _c2012. |
||
| 300 |
_a94 pages ; _billustrations ; _c21 cm |
||
| 520 | _aសៀវភៅគណិតវិទ្យា ថ្នាក់ទី២ ជាសៀវភៅហ្វឹកហាត់សម្រាប់កុមារ ដើម្បីជំនួយការហ្វឹកហាត់កុមារបន្ថែមនៅផ្ទះ ។ | ||
| 520 | _aGrade 2 math textbook is a training book for children to help train more children at home. | ||
| 650 | _aគណិត | ||
| 650 | _aMath | ||
| 942 |
_2ddc _cKHB _n0 |
||
| 999 |
_c3650 _d3650 |
||